<?xml version="1.0" encoding="UTF-8"?>
<record
    xmlns:xsi="http://www.w3.org/2001/XMLSchema-instance"
    xsi:schemaLocation="http://www.loc.gov/MARC21/slim http://www.loc.gov/standards/marcxml/schema/MARC21slim.xsd"
    xmlns="http://www.loc.gov/MARC21/slim">

  <leader>02854cam a2200337 i 4500</leader>
  <controlfield tag="001">20774821</controlfield>
  <controlfield tag="003">EG-ScBUE</controlfield>
  <controlfield tag="005">20220221100205.0</controlfield>
  <controlfield tag="008">181210t2019    enka   f b    001 0 eng d</controlfield>
  <datafield tag="020" ind1=" " ind2=" ">
    <subfield code="a">9781138325579</subfield>
  </datafield>
  <datafield tag="035" ind1=" " ind2=" ">
    <subfield code="a">(OCoLC)on1033552214</subfield>
  </datafield>
  <datafield tag="040" ind1=" " ind2=" ">
    <subfield code="a">YDX</subfield>
    <subfield code="b">eng</subfield>
    <subfield code="e">rda</subfield>
    <subfield code="c">YDX</subfield>
    <subfield code="d">LTSCA</subfield>
    <subfield code="d">YDX</subfield>
    <subfield code="d">OCLCF</subfield>
    <subfield code="d">DLC</subfield>
    <subfield code="d">EG-ScBUE</subfield>
  </datafield>
  <datafield tag="082" ind1="0" ind2="4">
    <subfield code="a">658.408</subfield>
    <subfield code="2">22</subfield>
    <subfield code="b">ENG</subfield>
  </datafield>
  <datafield tag="245" ind1="0" ind2="0">
    <subfield code="a">Engaging with stakeholders :</subfield>
    <subfield code="b">a relational perspective on responsible business /</subfield>
    <subfield code="c">edited by Adam Lindgreen [and five others].</subfield>
  </datafield>
  <datafield tag="264" ind1=" " ind2="1">
    <subfield code="a">London ;</subfield>
    <subfield code="a">New York :</subfield>
    <subfield code="b">Routledge, Taylor &amp; Francis Group,</subfield>
    <subfield code="c">2019.</subfield>
  </datafield>
  <datafield tag="264" ind1=" " ind2="4">
    <subfield code="c">c2019</subfield>
  </datafield>
  <datafield tag="300" ind1=" " ind2=" ">
    <subfield code="a">xxxvii, 370 pages :</subfield>
    <subfield code="b">illustrations ;</subfield>
    <subfield code="c">25 cm</subfield>
  </datafield>
  <datafield tag="336" ind1=" " ind2=" ">
    <subfield code="a">text</subfield>
    <subfield code="b">txt</subfield>
    <subfield code="2">rdacontent</subfield>
  </datafield>
  <datafield tag="337" ind1=" " ind2=" ">
    <subfield code="a">unmediated</subfield>
    <subfield code="b">n</subfield>
    <subfield code="2">rdamedia</subfield>
  </datafield>
  <datafield tag="338" ind1=" " ind2=" ">
    <subfield code="a">volume</subfield>
    <subfield code="b">nc</subfield>
    <subfield code="2">rdacarrier</subfield>
  </datafield>
  <datafield tag="504" ind1=" " ind2=" ">
    <subfield code="a">Includes bibliographical references and index.</subfield>
  </datafield>
  <datafield tag="520" ind1=" " ind2=" ">
    <subfield code="a">Engaging with Stakeholders: A Relational Perspective on Responsible Business contends that meaningful and constructive stakeholder engagement efforts should be rooted in a deep relational process of shared understanding, expectations, and viewpoints, through honest, continued dialogue between stakeholders and company management. This anthology follows and reaffirms this view, which also establishes the increasing need to explore the subtleties of how companies can respectfully engage their stakeholders in ways that reflect the corporate strategy and contribute to the ongoing development of business activities and creation of value, for themselves and stakeholders, from social, environmental, and economic perspectives. Stakeholder engagement practices, however, remain highly complex and difficult to manage; their ability to generate value in an inclusive way requires critical consideration. Sound stakeholder engagement efforts also constitute a keystone for responsible business activities. Drawing on a wide range of literature and studies, this book addresses key dimensions of stakeholder engagement, through a responsible business lens, and thereby contributes to identifying the opportunities, challenges, and key organizational implications associated with their unfolding. The four main topics covered are: Delineating the nature and multiple raisons d'&#xFFFD;etre of stakeholder engagement  Dialogical and communicational foundations of stakeholder engagement  Engaging with diverse stakeholders throughout the value chain Reaping organizational returns and relational rewards of stakeholder engagement efforts</subfield>
    <subfield code="c">Provided by publisher.</subfield>
  </datafield>
  <datafield tag="650" ind1=" " ind2="7">
    <subfield code="a">Social responsibility of business.</subfield>
    <subfield code="2">BUEsh</subfield>
  </datafield>
  <datafield tag="653" ind1=" " ind2=" ">
    <subfield code="b">BUSADM</subfield>
    <subfield code="c">February2022</subfield>
  </datafield>
  <datafield tag="655" ind1=" " ind2=" ">
    <subfield code="v">Reading book</subfield>
    <subfield code="9">34232</subfield>
  </datafield>
  <datafield tag="700" ind1="1" ind2=" ">
    <subfield code="a">Lindgreen, Adam,</subfield>
    <subfield code="e">editor.</subfield>
  </datafield>
  <datafield tag="906" ind1=" " ind2=" ">
    <subfield code="a">7</subfield>
    <subfield code="b">cbc</subfield>
    <subfield code="c">copycat</subfield>
    <subfield code="d">2</subfield>
    <subfield code="e">ncip</subfield>
    <subfield code="f">20</subfield>
    <subfield code="g">y-gencatlg</subfield>
  </datafield>
  <datafield tag="942" ind1=" " ind2=" ">
    <subfield code="2">ddc</subfield>
    <subfield code="c">BB</subfield>
  </datafield>
  <datafield tag="999" ind1=" " ind2=" ">
    <subfield code="c">29790</subfield>
    <subfield code="d">29761</subfield>
  </datafield>
  <datafield tag="952" ind1=" " ind2=" ">
    <subfield code="0">0</subfield>
    <subfield code="1">0</subfield>
    <subfield code="2">ddc</subfield>
    <subfield code="4">0</subfield>
    <subfield code="7">0</subfield>
    <subfield code="8">Baccah</subfield>
    <subfield code="a">MAIN</subfield>
    <subfield code="b">MAIN</subfield>
    <subfield code="c">1ST</subfield>
    <subfield code="d">2022-02-21</subfield>
    <subfield code="e">Purchase</subfield>
    <subfield code="g">1215.00</subfield>
    <subfield code="h">36419</subfield>
    <subfield code="l">0</subfield>
    <subfield code="o">658.408 ENG</subfield>
    <subfield code="p">000056150</subfield>
    <subfield code="r">2025-07-15 00:00:00</subfield>
    <subfield code="v">1518.75</subfield>
    <subfield code="w">2022-02-21</subfield>
    <subfield code="y">BB</subfield>
  </datafield>
</record>
